International case studies in innovation and entrepreneurship in tourism / (Record no. 52612)
[ view plain ]
| 000 -LEADER | |
|---|---|
| fixed length control field | 00676nam a2200229Ia 4500 |
| 005 - DATE AND TIME OF LATEST TRANSACTION | |
| control field | 20260429112142.0 |
| 008 - FIXED-LENGTH DATA ELEMENTS--GENERAL INFORMATION | |
| fixed length control field | 260429s9999||||xx |||||||||||||| ||und|| |
| 020 ## - INTERNATIONAL STANDARD BOOK NUMBER | |
| International Standard Book Number | 9781032487953 |
| 041 ## - LANGUAGE CODE | |
| Language | English |
| 082 ## - DEWEY DECIMAL CLASSIFICATION NUMBER | |
| Classification number | 910.684 |
| Item number | COR |
| 100 ## - MAIN ENTRY--PERSONAL NAME | |
| Personal name | Correia, Antónia |
| 245 #0 - TITLE STATEMENT | |
| Title | International case studies in innovation and entrepreneurship in tourism / |
| Statement of responsibility, etc | Antónia Correia |
| 250 ## - EDITION STATEMENT | |
| Edition statement | 1st ed. |
| 260 ## - PUBLICATION, DISTRIBUTION, ETC. (IMPRINT) | |
| Place of publication, distribution, etc | London : |
| Name of publisher, distributor, etc | Routledge, |
| Date of publication, distribution, etc | 2024. |
| 300 ## - PHYSICAL DESCRIPTION | |
| Extent | xix, 217 p.; pbk |
| 440 ## - SERIES STATEMENT/ADDED ENTRY--TITLE | |
| Title | Routledge internaltional case studies in tourism |
| 650 ## - SUBJECT ADDED ENTRY--TOPICAL TERM | |
| Topical term or geographic name as entry element | Tourism |
| 650 ## - SUBJECT ADDED ENTRY--TOPICAL TERM | |
| Topical term or geographic name as entry element | Entrepreneurship |
| 700 ## - ADDED ENTRY--PERSONAL NAME | |
| Personal name | Lopes, Jose Dias |
| 700 ## - ADDED ENTRY--PERSONAL NAME | |
| Personal name | Portugal, Miguel |
| 942 ## - ADDED ENTRY ELEMENTS (KOHA) | |
| Koha item type | Text Books |
| Withdrawn status | Lost status | Damaged status | Not for loan | Collection code | Home library | Location | Shelving location | Date of Cataloging | Source of acquisition | Total Checkouts | Full call number | Barcode | Date last seen | Price effective from | Koha item type |
|---|---|---|---|---|---|---|---|---|---|---|---|---|---|---|---|
| Non-fiction | CUTN Central Library | CUTN Central Library | History & Geography | 29/04/2026 | TBH Library Book Suppliers, Chennai - Invoice No. SINV00733 on 09-02-2026 | 910.684 COR | 57715 | 29/04/2026 | 29/04/2026 | Text Books |
